000 00416nam a2200157Ia 4500
008 230524s9999 xx 000 0 und d
082 _a621.3892
_bMIS
100 _aShiv Shankar Mishra
245 0 _aDigital Electronics (Digital Circuits and Systems)
250 _a1ST
260 _aNEW DELHI
_bSatya Prakashan
_c2007
300 _aVI;520
500 _aQuantity Number: 2
650 _aElectronics
942 _cBK
999 _c36273
_d36273